000 00273nam a2200097 a 4500
005 20200930070456.0
008 110907s1778 000 spa d
245 3 _aEl sueƱo de Luciano samosatense, que es la vida de Luciano....
260 _aMadrid,
_c1778.
999 _c33220
_d33220
040 _aDO-SdBNP